000 00479cam a2200193ua 4500
001 5372
008 120901n ii |||gr||||Z||||||eng
020 _a81-85274-89-4
040 _cMAIN
082 _a828
100 1 _aMarlowe,
_eAuthor,
245 1 0 _aCritics on
_cby Marlowe
250 _a1st.
260 _aNew Delhi:
_bUniversal Book Stall,
_c1996.
300 _a127p:
_c22cm.
653 _aEnglish miscellaneous writings
700 1 _aOneill, Judith,
_eEditor,
942 _cBK
999 _c4553
_d4553